000 00708nam a2200217 a 4500
005 20151117093006.0
008 140221b1996 ck ||||| |||| 00| 0 eng d
040 _aCO-BoIAVH
_cCO-BoIAVH
041 _aeng
044 _ack
090 _aLB
_b00739
110 _bFundación Pro Sierra Nevada de Santa Marta
_99006
111 _aXIII. Asamblea General 25 de Marzo de 1999
_942259
245 _aFundación Pro Sierra Nevada de Santa Marta
260 _aSanta Marta
_bFundación pro-Sierra Nevada de Santa Marta
_c1999
300 _a13 p.
650 _aReservas de la biosfera
_97864
650 _aEstrategias de conservación
_942262
662 _aColombia
_cSierra Nevada de Santa Marta
942 _cINFORME
_2z
999 _c754
_d754